000
00288nam a22001217a 4500
008
171106b xxu||||| |||| 00| 0 eng d
041
_a
eng
080
_2
6 ED
_a
330.722.6
100
_a
61
101
_a
KON
245
_a
PRINCIPLES OF ACCOUTING INTRODUCTORY
_c
MILLER.F
942
_2
udc
_c
BK
999
_c
37709
_d
37709